Plant anatomy

Bibliographic Details
Main Author: Pandey, B.P
Format: Book
Published: New Delhi : S. Chand & Company LTD. , 2004
Subjects:

MARC

LEADER 00000cam a2200000 7i4500
001 0000003628
005 20080124.0
020 0 0 |a 8121901456 
090 0 0 |a 581.4   |b PAN 
100 1 0 |a Pandey, B.P. 
245 1 0 |a Plant anatomy   |c B.P. Pandey 
260 0 0 |a New Delhi :   |b S. Chand & Company LTD. ,   |c 2004 
300 |a ix, 518 p. :   |b ill. ;   |c 24 cm. 
500 0 0 |a Contemporary biology 
650 0 0 |a Plant anatomy 
999 |a 0000007250   |b Monograph   |c Open Shelf   |e Default branch